Essential facts for managers

Bibliographic Details
Corporate Author: British Institute of Management
Format: Book
Published: London : Corby [Eng.] : Kogan Page ; British Institute of Management , 1987
Subjects:

MARC

LEADER 00000cam a2200000 7i4500
001 0000004872
005 20021118093000.0
008 021118n
020 |a 1850916225 
050 0 0 |a HD31   |b .E88 
090 0 0 |a HD31   |b .E88 1987 
245 0 0 |a Essential facts for managers 
260 2 |a London :   |b Kogan Page ;   |a Corby [Eng.] :   |b British Institute of Management ,   |c 1987 
300 |a 217 p. ; ;   |c 22 cm. 
650 0 |a Management 
710 0 0 |a British Institute of Management 
999 |a 1000009146   |b Book   |c OPEN SHELF (30 DAYS)   |e Gong Badak Campus